000
00410nam a2200133Ia 4500
008
100122s9999 xx 000 0 und d
082
_b
37290
_a
822
100
_a
सावरकर विनायक दामोदर
245
_a
उ:शाप ( क.क्र.26/4 )
300
_a
156
630
_a
उ:शाप ( क.क्र.26/4 )
730
_a
उ:शाप ( क.क्र.26/4 )
942
_c
BOOK
999
_c
419750
_d
419747